The European Union and developing countries' non-trade concerns: an uneasy alliance? (Record no. 491995)

000 -LEADER
fixed length control field 00541cam a22001457a 4500
008 - FIXED-LENGTH DATA ELEMENTS--GENERAL INFORMATION
fixed length control field 180718b2001 xxu||||| |||| 00| 0 eng d
082 ## - DEWEY DECIMAL CLASSIFICATION NUMBER
Classification number T39 D535
100 ## - MAIN ENTRY--PERSONAL NAME
Personal name Dhar, Biswajit
245 ## - TITLE STATEMENT
Title The European Union and developing countries' non-trade concerns: an uneasy alliance?
Statement of responsibility, etc. by Biswajit Dhar and Aileen Kwa
260 ## - PUBLICATION, DISTRIBUTION, ETC.
Place of publication, distribution, etc. New Delhi
Name of publisher, distributor, etc. Research and Information System for the Non-Aligned and Other Developing Countries
Date of publication, distribution, etc. 2001
300 ## - PHYSICAL DESCRIPTION
Extent 96p.
650 ## - SUBJECT ADDED ENTRY--TOPICAL TERM
Topical term or geographic name entry element World Trade Organization
650 ## - SUBJECT ADDED ENTRY--TOPICAL TERM
Topical term or geographic name entry element International trade
700 ## - ADDED ENTRY--PERSONAL NAME
Personal name Kwa, Aileen
Holdings
Withdrawn status Lost status Damaged status Not for loan Permanent Location Current Location Date acquired Full call number Barcode Date last seen Price effective from Koha item type
        Indian Institute of Public Administration Indian Institute of Public Administration 2018-08-04 T39 D535 GR16706 2018-08-04 2018-08-04 GR
        Indian Institute of Public Administration Indian Institute of Public Administration 2018-08-04 T39 D535 GR15870 2018-08-04 2018-08-04 GR

Powered by Koha